Представление документа в формате RUSMARC

ПолеНазваниеЗначение
  Тип записи a
  Библиографический уровень a
001 Контрольный номер RU/УОНБ/EK_Kray/336312847
005 Дата корректировки 20240730173927.0
100 Данные общей обработки __
a Данные общей обработки 20100828d2010 ||| 0rusy0189 ca
101 Язык документа 0_
a Язык текста rus
102 Страна публикации __
a Страна публикации RU
105 Кодированные данные (монография) __
a Кодированные данные (монография) y###||||000|y
200 Заглавие и сведения об ответственности 1_
a Заглавие Сладкий ли бизнес?..
e Сведения, относящиеся к заглавию в армии пчеловодов - более четырёх тысяч сенгилеевцев
f Первые сведения об ответственности Виктор Никитин
215 Физическое описание __
c Иллюстрации/тип воспроизводства 1 портр.
225 Серия 1_
a Серия Контрольная закупка
330 Аннотация __
a Аннотация В. Лебедев - генеральный директор ОАО "Нектар" (предприятие пчеловодства и производства вощины), имеет филиалы почти во всех районах области.
461 Уровень набора _0
1 2000
a Ульяновская правда
1 011
463 Уровень физической единицы _0
1 001RU/УОНБ/EK_Kray/336058171
1 2000
a 20 авг
v С. 6
1 210
d 2010
600 Персоналии _1
a Персоналии (Фамилия) Лебедев, Владимир
601 Наименование организации как предмет 02
a Наименование организации как предмет Нектар, ОАО
610 Ключевые слова 0_
a Ключевые слова пчеловодство; пчеловод
686 Индексы других классификаций __
a Классификационный индекс 46.9
2 Код системы rubbk
700 Автор _1
a Фамилия Никитин
b Имя (инициалы) В.
g Полное личное имя Виктор
4 Код отношения 070
801 Источник записи _0
a Страна RU
b Организация Ульяновская ОНБ
c Дата составления 20100828
g Правила каталогизации RCR
801 Источник записи _1
a Страна RU
b Организация IS
c Дата составления 20100828
g Правила каталогизации RCR
901 Тип документа __
t Тип документа b
w Контрольный № источника UONB/MAIN/2ff25093a08345d48c70eb154d6b2c41
938 Служебная информация __
a Имя БД kraeved_work
b Имя библиотеки УОНБ
c Имя АИБС МАРК-SQL
d Номер DOC_ID в БД 70841